[Event "Montigny le Bretonneux op 22nd"]
[Site "Montigny le Bretonneux"]
[Date "2023.12.28"]
[Round "4"]
[White "Perrier Perrery, Philippe"]
[Black "Durez, Gerard"]
[Result "1-0"]
[WhiteElo "1419"]
[BlackElo "1378"]
[PlyCount "102"]
[EventDate "2023.12.27"]
[EventType "swiss"]
[EventRounds "7"]
[EventCountry "FRA"]
[SourceTitle "CB06_2024"]
[SourceDate "2024.02.07"]
[SourceVersion "1"]
[SourceVersionDate "2024.02.07"]
[SourceQuality "1"]

1. d4 Nf6 2. c4 e6 3. g3 c6 4. Bg2 d5 5. Nf3 Nbd7 6. 0-0 Be7 7. Bf4 dxc4 8. Nbd2 Nb6 9. Ne5 Nfd5 10. Ndxc4 Nxf4 11. Nxc6 Qc7 12. Nxb6 axb6 13. Nxe7 Nxg2 14. Nxc8 Rxc8 15. Rc1 Qd7 16. Rxc8+ Qxc8 17. Qc1 Qd7 18. Kxg2 0-0 19. Qd2 Qd5+ 20. Kg1 Qxa2 21. Qb4 Qa5 22. Qc3 Qa6 23. e3 b5 24. b4 Qc6 25. Qc5 h6 26. Rc1 Rc8 27. e4 Qxc5 28. Rxc5 Rxc5 29. dxc5 Kf8 30. f4 Ke7 31. Kf2 Kd7 32. Ke3 Kc6 33. Kd4 b6 34. cxb6 Kxb6 35. Ke5 Kc6 36. f5 Kd7 37. fxe6+ fxe6 38. h4 Ke7 39. h5 Kd7 40. g4 Ke7 41. Kf4 Kd6 42. g5 Ke7 43. gxh6 gxh6 44. Ke5 Kf7 45. Kd6 Kf6 46. Kc6 Ke5 47. Kxb5 Kxe4 48. Kc6 Kd4 49. b5 e5 50. b6 e4 51. b7 e3 1-0